Những nhân tố ảnh hưởng tới ý nghĩa thể của phó từ Đã trong tiếng Việt /

সংরক্ষণ করুন:
গ্রন্থ-পঞ্জীর বিবরন
প্রধান লেখক: Trần Kim Phượng
বিন্যাস: প্রবন্ধ
ভাষা:Vietnamese
বিষয়গুলি:
ট্যাগগুলো: ট্যাগ যুক্ত করুন
কোনো ট্যাগ নেই, প্রথমজন হিসাবে ট্যাগ করুন!
Thư viện lưu trữ: Thư viện Trường Đại học Đà Lạt
LEADER 00762nam a2200265 4500
001 DLU060052596
040 # # |a DLU  |b vie 
041 # # |a vie 
044 # # |a vn 
100 # # |a Trần Kim Phượng 
245 # # |a Những nhân tố ảnh hưởng tới ý nghĩa thể của phó từ Đã trong tiếng Việt /  |c Trần Kim Phượng 
653 # # |a Cấu trúc ngữ pháp 
653 # # |a Phó từ 
773 # # |t Ngôn ngữ  |g Số 5, 2004, tr.30-34 
920 # # |a Phòng Tạp chí -- Trung tâm Thông tin - Thư viện Trường Đại học Đà Lạt 
933 # # |a CT, TN 
994 # # |a DLU 
900 # # |a True 
911 # # |a Nguyễn Thị Yên 
925 # # |a G 
926 # # |a A 
927 # # |a BB 
980 # # |a Thư viện Trường Đại học Đà Lạt